000 00573nam a2200157 a 4500
008 120416s0000 ||||||||||||||||| || u
020 _a0715387650
050 _aTH 4815 Sne
100 _aSneigar, Nicholas
245 1 4 _aThe self-builder
246 _ahow to build your own home and halve the cost
260 _aNewton Abbot
_bDavid and Charles
_c1987
300 _a160p. : ill.
350 _a0.00
995 _D0.00
_FCBU-MAIN LIBRARY (Kitwe)
_H1
_I14.25
_M1
_UAVAILABLE
_WJul 10, 2006
_ZMain Library Open Access Collection
999 _c57276
_d57276